Microfinance Investment Funds: Leveraging Private Capital for Economic Growth and Poverty Reduction (Record no. 507)

MARC details
005 - DATE AND TIME OF LATEST TRANSACTION
control field 20250312171119.0
020 ## - INTERNATIONAL STANDARD BOOK NUMBER
International Standard Book Number 978-3-540-72423-0
082 ## - DEWEY DECIMAL CLASSIFICATION NUMBER
Classification number 332 MIC
245 ## - TITLE STATEMENT
Title Microfinance Investment Funds: Leveraging Private Capital for Economic Growth and Poverty Reduction
260 ## - PUBLICATION, DISTRIBUTION, ETC.
Place of publication, distribution, etc. New York,
Name of publisher, distributor, etc. Springer,
Date of publication, distribution, etc. 2007.
300 ## - PHYSICAL DESCRIPTION
Extent ix, 290p.: ill.; figure, table.
Other physical details Index.
Dimensions 24cm.
700 ## - ADDED ENTRY--PERSONAL NAME
Other authors/Editors MAIER, I. M. & PISCHKE, J. D.
942 ## - ADDED ENTRY ELEMENTS (KOHA)
Source of classification or shelving scheme Dewey Decimal Classification
Koha item type Books
Holdings
Date last seen Total checkouts Full call number Barcode Cost, replacement price Price effective from Koha item type Lost status Source of classification or shelving scheme Damaged status Not for loan Withdrawn status Home library Current library Shelving location Date acquired Cost, normal purchase price
03/12/2025   332 MIC 0000002096 315000.00 03/12/2025 Books   Dewey Decimal Classification       College of Business Education Main Library College of Business Education Main Library General Collection 03/12/2025 105000.00
03/12/2025   332 MIC 0000002097 315000.00 03/12/2025 Books   Dewey Decimal Classification       College of Business Education Main Library College of Business Education Main Library General Collection 03/12/2025 105000.00
03/12/2025   332 MIC 0000002098 315000.00 03/12/2025 Books   Dewey Decimal Classification       College of Business Education Main Library College of Business Education Main Library General Collection 03/12/2025 105000.00